| 000 | 00437nam a2200157 a 4500 | ||
|---|---|---|---|
| 001 | 000013690 | ||
| 005 | 20240301142627.0 | ||
| 008 | 091127s1975 dr 000 0 spa d | ||
| 040 | _aDO-SdBNP | ||
| 082 |
_axxx _bN789c |
||
| 100 | 1 |
_aNolasco, Sócrates, _d1884-1980 _922323 |
|
| 245 | 1 | 0 |
_aComentarios diversos / _cSocrates Nolasco. |
| 260 |
_aSanto Domingo : _bEditora del Caribe, _c1975. |
||
| 300 |
_a165 p. ; _c23 cm. |
||
| 049 | _aBNPD | ||
| 999 |
_c13303 _d13303 |
||